| 000 | 00343nam a2200145 4500 | ||
|---|---|---|---|
| 005 | 20250625111502.0 | ||
| 008 | bjk | ||
| 020 | _a0825431115 | ||
| 050 |
_aBT825 _bLOC |
||
| 100 | _aLOCKYER HERBERT | ||
| 245 | _aALL THE LAST WORDS OF SAINTS AND SINNERS | ||
| 260 |
_aMICHIGAN _bKREGEL PUBLICATIONS _cc1969 |
||
| 300 | _a240p | ||
| 942 |
_2lcc _cBK _n0 |
||
| 999 |
_c6672 _d6672 |
||